00387pab a2200133 454500008004000000100002000040245009600060260000900156300001500165362001100180650001100191700001700202773003400219180718b1997 xxu||||| |||| 00| 0 eng d aRao, Vijayendra aAre prices higher for the poor?: price heterogeneity and real inequality in rural Karnataka c1997 ap.3073-079 a29 Nov aPrices aKomala, A.C. aEconomic and Political Weekly